000 00419nam a22001457a 4500
082 _a297.64
_bMAN
100 _aNoori, Sahibzada Raza ul Mustafa
245 _aManaqib-i Ahle-i Bait alaihim salam /
_cSahibzada Raza ul Mustafa Noori
260 _aPakistan:
_bMadina Foundation;
_c-
300 _a107p.
563 _aPB
650 _aWomen in Quran
_9119674
650 _aMuslim Women
_937213
942 _2ddc
_cBK
999 _c606826
_d606826